000 00752nam a2200265 a 4500
999 _c3105
_d3105
006 a||||gr|||| 001 0
007 ta
008 190805s2022||||xxka|||gr|||||||1 ||eng|d
020 _a9781789661699
_c$ 72
040 _aKO
_beng
041 0 _aeng
044 _axxk
082 0 4 _a387.0687
_bSo581
_223
245 0 0 _aMaritime logistics : a guide to contemporary shipping and port management /
_cedited by Dong-Wook Song, Photis M. Panayides
250 _a3rd ed.
260 _aLondon :
_bKogan Page,
_c2022
300 _axxxiii, 502 p. :
_bill. ;
_c24 cm.
650 0 _aMaritime logistics
700 1 _aSong, Dong-Wook
_eedt
700 1 _aPanayides, Photis M.
_eedt
904 _aRUDRA_R
905 _aR_RANJAN
942 _cBK
_2ddc